书目信息 |
| 题名: |
历史的观念
|
|
| 作者: | 柯林伍德 著 ;尹锐 , 方红 , 任晓晋 译 | |
| 分册: | ||
| 出版信息: | 北京 光明日报出版社 2007.12 |
|
| 页数: | 258页 | |
| 开本: | 21cm | |
| 丛书名: | 西风译丛 | |
| 单 册: | ||
| 中图分类: | K01 | |
| 科图分类: | ||
| 主题词: | 历史哲学--li shi zhe xue | |
| 电子资源: | ||
| ISBN: | 978-7-80206-522-2 | |
| 000 | 01058nam 2200289 450 | |
| 001 | 012008032903 | |
| 005 | 20080626114106.60 | |
| 010 | @a978-7-80206-522-2@dCNY17.00 | |
| 100 | @a20080626d2007 em y0chiy0120 ea | |
| 101 | 1 | @achi@ceng |
| 102 | @aCN@b110000 | |
| 105 | @ay z 000yy | |
| 106 | @ar | |
| 200 | 1 | @a历史的观念@Ali shi de guan nian@f(英) 柯林伍德著@F(ying)ke lin wu de zhu@g尹锐, 方红, 任晓晋译@Gyin rui,fang hong,ren xiao jin yi |
| 210 | @a北京@c光明日报出版社@d2007.12 | |
| 215 | @a258页@d21cm | |
| 225 | 2 | @a西风译丛@Axi feng yi cong |
| 330 | @a本书被西方哲学界盛誉为“英国人对现代历史哲学的唯一贡献”。柯林伍德反对19世纪以来历史朝自然科学看齐的倾向,主张历史就是思想史。历史的对象就是思想。 | |
| 410 | 0 | @12001 @a西风译丛 |
| 606 | 0 | @a历史哲学@Ali shi zhe xue |
| 690 | @aK01@v4 | |
| 701 | 1 | @a柯林伍德@Ake lin wu de@g(Gollingwood, Robin George)@4著 |
| 702 | 0 | @a尹锐@Ayin rui@4译 |
| 702 | 0 | @a方红@Afang hong@4译 |
| 702 | 0 | @a任晓晋@Aren xiao jin@4译 |
| 801 | 0 | @aCN@bQSSK@c20080626 |
| 905 | @b729299-301@dK01@eK397@f3 | |
| 历史的观念/(英) 柯林伍德著/尹锐, 方红, 任晓晋译.-北京:光明日报出版社,2007.12 |
| 258页;21cm.-(西风译丛) |
| ISBN 978-7-80206-522-2:CNY17.00 |
| 本书被西方哲学界盛誉为“英国人对现代历史哲学的唯一贡献”。柯林伍德反对19世纪以来历史朝自然科学看齐的倾向,主张历史就是思想史。历史的对象就是思想。 |
| ● |
| 相关链接 |
|
|
|
正题名:历史的观念
索取号:K01/K397
 
预约/预借
| 序号 | 登录号 | 条形码 | 馆藏地/架位号 | 状态 | 备注 |
| 1 | 729299 | 207292990 | 社科库309/309社科库 103排1列5层/ [索取号:K01/K397] | 在馆 | |
| 2 | 729300 | 207293007 | 社科库309/309社科库 103排1列5层/ [索取号:K01/K397] | 在馆 | |
| 3 | 729301 | 207293016 | 社科库309/309社科库 103排1列5层/ [索取号:K01/K397] | 在馆 |